Conductive rubbers made by adding conductive carbon black to EVA, EPDM, and EVA-EPDM blends (Record no. 56162)

MARC details
000 -LEADER
fixed length control field 00538nam a2200193Ia 4500
100 ## - MAIN ENTRY--AUTHOR NAME
Personal name Das N C
245 #0 - TITLE STATEMENT
Title Conductive rubbers made by adding conductive carbon black to EVA, EPDM, and EVA-EPDM blends
260 ## - PUBLICATION, DISTRIBUTION, ETC. (IMPRINT)
Name of publisher Plastics, Rubber and Composites
Year of publication 2001
300 ## - PHYSICAL DESCRIPTION
Number of Pages 162-169
650 ## - SUBJECT ADDED ENTRY--TOPICAL TERM
Topical Term Conductive carbon black
650 ## - SUBJECT ADDED ENTRY--TOPICAL TERM
Topical Term Conductive rubbers
650 ## - SUBJECT ADDED ENTRY--TOPICAL TERM
Topical Term EPDM
650 ## - SUBJECT ADDED ENTRY--TOPICAL TERM
Topical Term EVA
650 ## - SUBJECT ADDED ENTRY--TOPICAL TERM
Topical Term EVA-EPDM blends
700 ## - ADDED ENTRY--PERSONAL NAME
Personal name Chaki T K
700 ## - ADDED ENTRY--PERSONAL NAME
Personal name Khastgir D
942 ## - ADDED ENTRY ELEMENTS (KOHA)
Koha item type Journals
Holdings
Withdrawn status Lost status Damaged status Not for loan Home library Current library Shelving location Date acquired Serial Enumeration / chronology Koha item type
      Journals RRII Library RRII Library Rubber chemistry 17/12/2021 Volume 30, Issue 4 Journals